Point de vue : Expansion commerciale et intelligence territoriale : stratégies gagnantes pour une implantation durable (notice n° 1877444)

détails MARC
000 -LEADER
fixed length control field 01799cam a2200265 4500500
005 - DATE AND TIME OF LATEST TRANSACTION
control field 20260329013121.0
041 ## - LANGUAGE CODE
Language code of text/sound track or separate title fre
042 ## - AUTHENTICATION CODE
Authentication code dc
100 10 - MAIN ENTRY--PERSONAL NAME
Personal name Schoch, Patrice
Relator term author
245 00 - TITLE STATEMENT
Title Point de vue : Expansion commerciale et intelligence territoriale : stratégies gagnantes pour une implantation durable
260 ## - PUBLICATION, DISTRIBUTION, ETC.
Date of publication, distribution, etc. 2026.<br/>
500 ## - GENERAL NOTE
General note 54
520 ## - SUMMARY, ETC.
Summary, etc. Cet article explore les stratégies gagnantes d’expansion commerciale à travers une démarche innovante associant auto-ethnographie et analyse territoriale approfondie. À partir de cinq études de cas réels anonymisées, sélectionnées pour illustrer à la fois des situations de réussite et d’échec, l’étude identifie les leviers déterminants d’une implantation réussie : veille territoriale proactive, innovation stratégique face aux contraintes réglementaires, gestion efficace des parties prenantes locales, et intégration ambitieuse du développement durable. L’article montre que l’approche durable améliore l’acceptabilité sociale des projets commerciaux et constitue un avantage concurrentiel décisif. Enfin, des recommandations opérationnelles sont formulées pour guider les entreprises, dans une approche perspectiviste.
690 ## - LOCAL SUBJECT ADDED ENTRY--TOPICAL TERM (OCLC, RLIN)
Topical term or geographic name as entry element avantage concurrentiel
690 ## - LOCAL SUBJECT ADDED ENTRY--TOPICAL TERM (OCLC, RLIN)
Topical term or geographic name as entry element développement durable
690 ## - LOCAL SUBJECT ADDED ENTRY--TOPICAL TERM (OCLC, RLIN)
Topical term or geographic name as entry element Expansion commerciale
690 ## - LOCAL SUBJECT ADDED ENTRY--TOPICAL TERM (OCLC, RLIN)
Topical term or geographic name as entry element intelligence territoriale
690 ## - LOCAL SUBJECT ADDED ENTRY--TOPICAL TERM (OCLC, RLIN)
Topical term or geographic name as entry element parties prenantes locales
690 ## - LOCAL SUBJECT ADDED ENTRY--TOPICAL TERM (OCLC, RLIN)
Topical term or geographic name as entry element stratégie d’implantation
700 10 - ADDED ENTRY--PERSONAL NAME
Personal name Baron, François
Relator term author
700 10 - ADDED ENTRY--PERSONAL NAME
Personal name Radacal, François
Relator term author
700 10 - ADDED ENTRY--PERSONAL NAME
Personal name du Castel, Viviane
Relator term author
786 0# - DATA SOURCE ENTRY
Note Management & Prospective | 42 | 1-2 | 2026-01-21 | p. 361-376
856 41 - ELECTRONIC LOCATION AND ACCESS
Uniform Resource Identifier <a href="https://shs.cairn.info/revue-management-prospective-2025-1-page-361?lang=fr&redirect-ssocas=7080">https://shs.cairn.info/revue-management-prospective-2025-1-page-361?lang=fr&redirect-ssocas=7080</a>

Pas d'exemplaire disponible.

PLUDOC

PLUDOC est la plateforme unique et centralisée de gestion des bibliothèques physiques et numériques de Guinée administré par le CEDUST. Elle est la plus grande base de données de ressources documentaires pour les Étudiants, Enseignants chercheurs et Chercheurs de Guinée.

Adresse

627 919 101/664 919 101

25 boulevard du commerce
Kaloum, Conakry, Guinée

Réseaux sociaux

Powered by Netsen Group @ 2025